Responses for show #282 - Tuesday, October 8, 1985

Airdate approximate.

Contestants

Barbara Dubb, a teacher from Detroit, Michigan

Les Preston, an attorney from Los Angeles, California

Chris Golden, a policy service representative originally from Winston-Salem, North Carolina (whose 1-day cash winnings total $6,900)

Jeopardy! Round responses

TECHNOLOGY
FICTIONAL ANIMALS
STARTS WITH "Z"
ORGANIZATIONS
ROCK 'N ROLL
WOOD
    $100 22
a helicopter

Chris
    $100 9
Flopsy, Mopsy & Cottontail

Chris
    $100 2
(Les: [*], what is [*]?)

zero

Les
    $100 1
Ford

Barbara
    $100 6
the Electric Light Orchestra

Chris
    $100 15
a pulp

Barbara
    $200 23
a machine gun

Chris
    $200 3
(Chris: Who is Robert [*] Jr.?)

Zimmerman

Chris
    $200 13
the Double A (Alcoholics Anonymous)

Les
    $200 7
Eurythmics

Barbara
    $200 16
the Statue of Liberty

Barbara
    $300 24
(1 of) bronze (or copper)

Les
    $300 4
zero population growth

Les
    $300 14
the Guardian Angels

Chris
    $500 10
[Chris bopped and lip-synched to the song.](Chris: Um, who are The Satins?)
[Audible audience reaction]
(Alex: Oh, no, gosh, you seemed to know the song so well.)
[The song was not played going into the break.]

The Chiffons

Chris
    $300 17
Madeira

Les
    $400 25
steam

Barbara
    $400 27
[The end-of-round signal sounds.]

Animal Farm

Chris
    $400 5
Zachary

Chris
    $400 20
NAACP

Les
    $400 11
Teena Marie

Triple Stumper
    $400 18
a cord

Triple Stumper
    $500 26
the monkey wrench

Chris
    $500 8
zany

Triple Stumper
    $500 21
(Les: What is the Academy of Recording Arts & Sciences?)
...
(Alex: They won Oscars. We got about a minute to go in the round.)

the Academy of Motion Picture Arts & Sciences

Les
Triple Stumper
    $500 12
Blood, Sweat & Tears

Triple Stumper
    $500 19
cedars (of Lebanon)

Les

Scores at the first commercial break (after clue 11):

Chris Les Barbara
$300 $400 $300

Scores at the end of the Jeopardy! Round:

Chris Les Barbara
$1,800 $1,600 $1,000

Double Jeopardy! Round responses

COLONIAL AMERICA
MOVIES
NUTRITION
ENGLISH POETRY
POLITICAL QUOTES
MATH
    $200 9
Benjamin Franklin

Chris
    $200 14
Sherlock Holmes

Chris
    $200 1
sauerkraut

Triple Stumper
    $200 3
hope

Chris
    $200 8
(Chris: What is British soil?)
(Alex: More--no, that's not good enough.)

the British Empire

ChrisLes
    $200 16
addition, subtraction, multiplication & division

Barbara
    $400 15
Our Gang & The Little Rascals

Les
    $400 2
calcium

Chris
    $400 4
rosebuds

Chris
    $400 10
the United States of America

Chris
    $400 17
(Les: What is 5?)
...
(Alex: The Bactrian has two humps; the dromedary has one.)

4

LesBarbara
    $600 19
(Barbara: What are vitamins?)

fats

Barbara
Triple Stumper
    $600 5
they also serve

Chris
    $600 11
(Chris: Who was uh, Stalin?)
(Barbara: Who is Khrushchev?)

Lenin

ChrisLesBarbara
    $600 18
(Chris: What is 9?)

100

Chris
Triple Stumper
    $2,400 26
[The end-of-round signal sounds.]

Lord Baltimore

Les
    $800 20
water-soluble

Triple Stumper
    $800 6
the Ancient Mariner

Chris
    $800 12
(James) Monroe

Chris
    $1,000 21
3

Barbara
    $1000 24
Delaware

Les
    $1000 25
(Les: What is Repulsion)

Diabolique

Les
Triple Stumper
    $1000 23
(Les: Amino acids. What are amino acids?)
...
(Alex: With about a minute to go in the game.)

sugars

Les
Triple Stumper
    $1000 7
(Alex: Absolutely right and you ran the category--brilliant performance.)
[Applause]

All's right with the world!

Chris
    $1000 13
(S.I.) Hayakawa

Chris
    $1000 22
15

Les

Scores at the end of the Double Jeopardy! Round:

Chris Les Barbara
$6,400 $4,800 $1,400

[wagering suggestions for these scores]

Final Jeopardy! Round responses

GEOGRAPHY
[NOTE: Alex incorrectly states Chris' 2-day total as $17,600.]
BarbaraWhat is Australia?
$400
LesWhat is Antartica?
$4,799
ChrisWhat is Antartica?
$3,300
Antarctica

Final scores:

Chris Les Barbara
$9,700 $9,599 $1,000
2-day champion: $16,600 2nd place: Broyhill sofa + LouverDrape vertical blinds 3rd place: Jules Jurgensen his & hers watches

Game dynamics:

Coryat scores:

Chris Les Barbara
$6,900 $3,200 $1,200
20 R,
4 W
(including 1 DD)
13 R
(including 1 DD),
4 W
8 R
(including 1 DD),
2 W

Combined Coryat: $11,300

The J! Archive is created by fans, for fans. The Jeopardy! game show and all elements thereof, including but not limited to copyright and trademark thereto, are the property of Jeopardy Productions, Inc. and are protected under law. This website is not affiliated with, sponsored by, or operated by Jeopardy Productions, Inc. Join the discussion at JBoard.tv.